| 000 | 01226cam a2200241 4500 | ||
|---|---|---|---|
| 001 | ##L134938 | ||
| 008 | 060912n2006 000 0 eng u | ||
| 020 | _a1842192248 | ||
| 035 | _a(Sirsi) u134938 | ||
| 041 | 0 | _aeng | |
| 050 | 0 | 4 | _a692.2 $2 18 |
| 110 | 2 |
_aRoyal Institution of Chartered Surveyors _94900 |
|
| 245 | 0 | 0 | _aBuilding control systems in Europe |
| 260 |
_aLondon _bRICS _c2006 |
||
| 300 |
_a33p. _c30cm. |
||
| 490 | 0 |
_aBuilding Control Report _v(2) June 2006 |
|
| 520 | _aProvides information for architects, developers and contractors on building control systems in Europe. The analysis is bases on responses from 21 countries: Austria, Belgium, Croatia, Cyprus, Czech Republic, Denmark, Estonia, Finland, France, Germany, Iceland, Ireland, Latvia, The Netherlands, Norway, Poland, Slovakia, Slovenia, Spain, Sweden and the United Kingdom (England and Wales). The study found that building control systems in these countries are less different than expected, with nearly all of the coutries having private control elements. | ||
| 590 | _aIKA190906 NTK | ||
| 651 | 4 | _aEUROPE | |
| 690 | _aBUILT ENVIRONMENT-BUILDING STANDARDS | ||
| 710 | 2 |
_aConsortium of European Building Control _94744 |
|
| 942 | _n0 | ||
| 999 |
_c105853 _d105853 |
||